Experimentálna aplikácia nerovnovážneho modelu dopytu a ponuky na vybranú poľnohospodársku komoditu

Formulácia základného typu nerovnovážneho modelu, odhady parametrov tohto modelu, ako aj špecifikácia dopytovej a ponukovej funkcie. Výsledky experimentálnej aplikácie modelu na výnosy pšenice v SR a ich ekonomická interpretácia.

Guardado en:
Detalles Bibliográficos
Autor principal: Viktorínová, Božena
Otros Autores: Valko, Stanislav
Formato: Capítulo de libro
Lenguaje:eslovaco
Materias:
Etiquetas: Agregar Etiqueta
Sin Etiquetas, Sea el primero en etiquetar este registro!

MARC

LEADER 00000naa$a2200000$$$4500
001 0075622
005 20240502071904.0
041 0 |a slo 
044 |a SK 
245 1 0 |a Experimentálna aplikácia nerovnovážneho modelu dopytu a ponuky na vybranú poľnohospodársku komoditu  |c Božena Viktorínová, Stanislav Valko 
520 |a Formulácia základného typu nerovnovážneho modelu, odhady parametrov tohto modelu, ako aj špecifikácia dopytovej a ponukovej funkcie. Výsledky experimentálnej aplikácie modelu na výnosy pšenice v SR a ich ekonomická interpretácia. 
610 2 0 |a funkcie dopytové 
610 2 0 |a komodity 
610 2 0 |a výrobky poľnohospodárske 
610 2 0 |a pšenica 
610 2 0 |a Slovensko 
610 2 0 |a modely ekonometrické 
610 2 0 |a funkcie dopytové ekonometrické 
100 1 |a Viktorínová, Božena 
700 1 |a Valko, Stanislav